000 00386nam a22001577a 4500
020 _a9789381317846
082 _aH4
_bPRA/S
100 _aPranja Sahay
245 _aSankalp swathanthrya:
_bek darsanik vimarsh/
_cby Pranja Sahay
260 _aKanpur:
_bVikas,
_c2013.
300 _a163p.
650 _aEssays Hindi
650 _aLiterature Hindi
650 _aLiterature
942 _cBK
999 _c60415
_d60415